000 00219 a2200097 4500
001 17082
100 _aKaufman Milton
245 _ahandbook of Electronics
260 _aNew York
_bMcGraw hill
_c
090 _c12727
_d12727
942 _aNUST-CAE
_cM
_c3033
999 _c252155
_d252155